header

Summary and country tables (Record no. 169191)

MARC details
000 -LEADER
fixed length control field 01270nam a2200313Ia 4500
082 04 - DEWEY DECIMAL CLASSIFICATION NUMBER
Classification number 336.3/435/091724
245 00 - TITLE STATEMENT
Title Summary and country tables
260 ## - PUBLICATION, DISTRIBUTION, ETC. (IMPRINT)
Place of publication Washington, D.C. :
Name of publisher World Bank,
Year of publication 2004.
300 ## - PHYSICAL DESCRIPTION
Number of Pages liv, 598 p. :
Other physical details ill.
490 0# - SERIES STATEMENT
Series statement Global development finance ;
500 ## - GENERAL NOTE
General note On cover: "A World Bank book."
650 #0 - SUBJECT ADDED ENTRY--TOPICAL TERM
Topical Term Debts, External
Topical Term Finance
Topical Term International finance
856 40 - ELECTRONIC LOCATION AND ACCESS
Uniform Resource Identifier http://site.ebrary.com/lib/rucke/Doc?id=10054301

No items available.

© 2026 Rongo University
Contact us: librarian | system librarian | Rongo university